Athletic Club 2024/25 - Estadísticas

Estadísticas generales
  • Esta prueba ha sido intentada 203 veces
  • La puntuación promedio es 21 de 25
Estadísticas de respuestas
Dorsal Posición Jugador % Correcto
1 POR Unai Simón
100%
9 DEL Iñaki Williams
98%
10 DEL Nico Williams
98%
8 MED Oihan Sancet
96%
3 DEF Dani Vivian
95%
4 DEF Aitor Paredes
93%
7 DEL Alex Berenguer
93%
12 DEL Gorka Guruzeta
91%
18 DEF Oscar De Marcos
91%
5 DEF Yeray Alvarez
91%
17 DEF Yuri Berchiche
89%
16 MED Iñigo Ruiz de Galarreta
88%
20 MED Unai Gomez
85%
2 DEF Andoni Gorosabel
83%
13 POR Julen Agirrezabala
83%
24 MED Beñat Prados
81%
15 DEF Iñigo Lekue
81%
23 MED Mikel Jaureguizar
80%
6 MED Mikel Vesga
80%
11 DEL Alvaro Djalo
77%
21 DEL Maroan Sannadi
74%
14 DEF Unai Nuñez
69%
32 (f) DEF Adama Boiro
64%
28 (f) MED Peio Canales
56%
43 (f) DEL Endika Bujan
38%
No se encontraron pruebas coincidentes
Distribución de puntuación
Porcentaje de gente con cada puntuación
Porcentaje por número respondido
Historial de tus puntuaciones
No has intentado esta prueba.